Statistics for Countries of the World - 15 Second Sprint

Click here to take the quiz!

General Stats

  • This quiz has been taken 18,730 times
  • The average score is 11 of 196

Answers on the Map

Answers color-coded by a green-red scale on the quiz's map according to % correct below.
Loading ...
 

Answer Stats

country% Correct
United States
85%
United Kingdom
64%
Canada
54%
Russia
53%
China
44%
Mexico
34%
United Arab Emirates
27%
France
26%
India
24%
Spain
23%
Brazil
22%
Japan
21%
Democratic Republic
of the Congo
20%
Ireland
19%
Central African
Republic
17%
Australia
16%
Congo
16%
Iceland
15%
Sweden
15%
Norway
14%
Finland
14%
Germany
14%
Chad
12%
Denmark
12%
Italy
12%
Iran
12%
Peru
12%
Iraq
11%
Cuba
11%
Portugal
11%
Chile
10%
Togo
10%
Ukraine
9%
Oman
8%
Estonia
8%
Argentina
8%
Fiji
8%
Mali
8%
Yemen
6%
Niger
6%
South Korea
6%
Mongolia
6%
North Korea
6%
Papua New Guinea
6%
Nauru
5%
Haiti
5%
Egypt
5%
Tonga
5%
Benin
5%
Poland
5%
Laos
5%
Sudan
4%
Nigeria
4%
Taiwan
4%
Greece
4%
Panama
4%
Palau
4%
Austria
4%
Nepal
4%
New Zealand
4%
Israel
3%
Indonesia
3%
Jamaica
3%
Latvia
3%
Samoa
3%
Qatar
3%
Guatemala
3%
Libya
3%
Belize
3%
Tuvalu
3%
Ghana
3%
Dominican Republic
3%
Ecuador
3%
Turkey
3%
Belgium
3%
Bolivia
3%
Bhutan
3%
Uruguay
2%
Romania
2%
Lithuania
2%
Pakistan
2%
Belarus
2%
Paraguay
2%
Vanuatu
2%
Colombia
2%
Thailand
2%
Bahrain
2%
Kuwait
2%
Gabon
2%
Saudi Arabia
2%
Kiribati
2%
South Africa
2%
Guinea
2%
Algeria
2%
Netherlands
2%
Andorra
2%
Honduras
2%
Hungary
2%
Sri Lanka
2%
Kazakhstan
2%
Dominica
2%
Bahamas
2%
Syria
2%
Serbia
2%
Malta
2%
Zambia
1%
Vietnam
1%
Venezuela
1%
Vatican City
1%
Slovenia
1%
Philippines
1%
Uganda
1%
Rwanda
1%
Saint Kitts and Nevis
1%
Tunisia
1%
San Marino
1%
São Tomé
and Príncipe
1%
Switzerland
1%
Eswatini
1%
Suriname
1%
South Sudan
1%
Somalia
1%
Singapore
1%
Slovakia
1%
Saint Lucia
1%
Afghanistan
1%
Nicaragua
1%
Comoros
1%
Gambia
1%
Namibia
1%
Ethiopia
1%
Eritrea
1%
El Salvador
1%
Timor-Leste
1%
Djibouti
1%
Czechia
1%
Cyprus
1%
Croatia
1%
Costa Rica
1%
Cameroon
1%
Grenada
1%
Cambodia
1%
Burundi
1%
Myanmar
1%
Bulgaria
1%
Brunei
1%
Botswana
1%
Bosnia and
Herzegovina
1%
Barbados
1%
Bangladesh
1%
Armenia
1%
Antigua and Barbuda
1%
Angola
1%
Georgia
1%
Micronesia
1%
Guyana
1%
Lesotho
1%
Morocco
1%
Monaco
1%
Moldova
1%
Mauritania
1%
Malaysia
1%
Malawi
1%
Madagascar
1%
North Macedonia
1%
Albania
1%
Liberia
1%
Luxembourg
1%
Jordan
1%
Kosovo
1%
Kenya
1%
Lebanon
1%
Saint Vincent and
the Grenadines
0%
Maldives
0%
Mozambique
0%
Sierra Leone
0%
Montenegro
0%
Azerbaijan
0%
Solomon Islands
0%
Seychelles
0%
Uzbekistan
0%
Mauritius
0%
Marshall Islands
0%
Senegal
0%
Burkina Faso
0%
Turkmenistan
0%
Equatorial Guinea
0%
Trinidad and Tobago
0%
Cabo Verde
0%
Guinea-Bissau
0%
Liechtenstein
0%
Tanzania
0%
Tajikistan
0%
Côte d'Ivoire
0%
Kyrgyzstan
0%
Zimbabwe
0%

Score Distribution

Percentile by Number Answered

Percent of People with Each Score

Your Score History

You have not taken this quiz